[Event "SC Heideck/Hilpoltstein 1-SG Muehlhof-R"]
[Site "?"]
[Date "2014.09.28"]
[Round "1.1"]
[White "Ahmels, Christian"]
[Black "Fink, Martin"]
[Result "1/2-1/2"]
[WhiteElo "2050"]
[BlackElo "1847"]
[PlyCount "44"]
[EventDate "2014.??.??"]
[WhiteTeam "SG Mühlhof-R'dorf/Schw. 1"]
[BlackTeam "SC Heideck/Hilpoltstein 1"]

1. e4 c5 2. Nc3 Nc6 3. g3 d6 4. Bg2 g6 5. Nge2 Bg7 6. O-O Nf6 7. d3 O-O 8. h3
Bd7 9. Be3 Qa5 10. Qc1 b5 11. Bh6 Rac8 12. Bxg7 Kxg7 13. Nd5 Nxd5 14. exd5 Nd4
15. Re1 e5 16. dxe6 fxe6 17. Nxd4 cxd4 18. Re2 Rc5 19. a3 Qc7 20. Qd2 e5 21.
Rf1 Qc8 22. Kh2 Bc6 1/2-1/2

[Event "SC Heideck/Hilpoltstein 1-SG Muehlhof-R"]
[Site "?"]
[Date "2014.09.28"]
[Round "1.2"]
[White "Wegmann, Wolfgang"]
[Black "Greul, Hans"]
[Result "1/2-1/2"]
[WhiteElo "1901"]
[BlackElo "1996"]
[PlyCount "109"]
[EventDate "2014.??.??"]
[WhiteTeam "SC Heideck/Hilpoltstein 1"]
[BlackTeam "SG Mühlhof-R'dorf/Schw. 1"]

1. e4 e6 2. d4 d5 3. Nc3 Nf6 4. Bg5 Bb4 5. e5 h6 6. Be3 Ne4 7. Qg4 Kf8 8. a3
Bxc3+ 9. bxc3 c5 10. Bd3 Qa5 11. Ne2 cxd4 12. Bxd4 Nc6 13. O-O Nc5 14. Kh1 Nxd3
15. cxd3 b6 16. Rfc1 Ba6 17. Qg3 g6 18. Qe3 Rc8 19. a4 Kg7 20. Rcb1 Nxd4 21.
Qxd4 Qc5 22. Qxc5 Rxc5 23. Rd1 Rhc8 24. f4 g5 25. g3 Ra5 26. Kg2 Bb7 27. Kf2
Bc6 28. Ra3 Rxa4 29. Rxa4 Bxa4 30. Ra1 b5 31. Ke3 Rc7 32. h4 Kg6 33. hxg5 hxg5
34. Kd4 Kf5 35. Rf1 a5 36. Ke3 Kg4 37. Rb1 Rb7 38. Ra1 Rc7 39. Ra2 gxf4+ 40.
gxf4 Bd1 41. Ng1 a4 42. Rg2+ Kh5 43. Rh2+ Kg6 44. Rg2+ Kh6 45. Kd4 Bb3 46. Rb2
Kh5 47. Ne2 Bd1 48. Nc1 Kg4 49. Rxb5 Kxf4 50. Ra5 Rb7 51. Na2 Kf5 52. Nb4 Rb8
53. Ra7 Kg6 54. Ra6 Kg7 55. Ra7 1/2-1/2

[Event "SC Heideck/Hilpoltstein 1-SG Muehlhof-R"]
[Site "?"]
[Date "2014.09.28"]
[Round "1.3"]
[White "Mehwald, Thomas"]
[Black "Ruderer, Thomas"]
[Result "1-0"]
[WhiteElo "1947"]
[BlackElo "1768"]
[PlyCount "71"]
[EventDate "2014.??.??"]
[WhiteTeam "SG Mühlhof-R'dorf/Schw. 1"]
[BlackTeam "SC Heideck/Hilpoltstein 1"]

1. e4 e6 2. d4 d5 3. Nc3 Nf6 4. Bg5 Be7 5. e5 Nfd7 6. Bxe7 Qxe7 7. Qh5 a6 8. f4
c5 9. Nf3 cxd4 10. Nxd4 Nc6 11. Nb3 Qb4 12. Qg5 O-O 13. Bd3 h6 14. Qg3 Qb6 15.
O-O-O Nc5 16. f5 Nxd3+ 17. Rxd3 Kh7 18. Rf1 Qd8 19. Ne4 exf5 20. Nd6 Qg5+ 21.
Qxg5 hxg5 22. Rxd5 g6 23. Rc5 Bd7 24. Nxb7 Rfe8 25. Rd1 Nxe5 26. Rxe5 Rxe5 27.
Rxd7 Re2 28. Nd6 Rxg2 29. Nxf7 Kg8 30. c4 Re8 31. Nh6+ Kh8 32. Nd2 f4 33. h3
Re1+ 34. Kc2 f3 35. Ng4 f2 36. Nf6 1-0

[Event "SC Heideck/Hilpoltstein 1-SG Muehlhof-R"]
[Site "?"]
[Date "2014.09.28"]
[Round "1.4"]
[White "Strnad, Alfred"]
[Black "Reuter, Roland"]
[Result "1-0"]
[WhiteElo "1869"]
[BlackElo "1934"]
[PlyCount "105"]
[EventDate "2014.??.??"]
[WhiteTeam "SC Heideck/Hilpoltstein 1"]
[BlackTeam "SG Mühlhof-R'dorf/Schw. 1"]

1. e4 c5 2. Nc3 Nc6 3. g3 g6 4. Bg2 Bg7 5. d3 d6 6. f4 Nf6 7. Nf3 Bd7 8. O-O
Qb6 9. h3 e6 10. Qe1 Nd4 11. Qf2 O-O 12. g4 Bc6 13. Rb1 Nd7 14. Be3 Rac8 15.
Kh2 Nxf3+ 16. Bxf3 Qc7 17. Rg1 b5 18. h4 Nb6 19. Qg3 b4 20. Ne2 Bb5 21. h5 d5
22. e5 d4 23. Bf2 Nd7 24. Kg2 g5 25. fxg5 Nxe5 26. Be4 Bc6 27. Nf4 Bxe4+ 28.
dxe4 Nc4 29. Nd3 Qc6 30. Rbe1 f5 31. gxf6 Bxf6 32. g5 Be7 33. h6 Rf5 34. Kh3
Rxf2 35. Nxf2 e5 36. g6 Kh8 37. g7+ Kg8 38. Ng4 Qe6 39. b3 Ne3 40. Qxe5 Qxe5
41. Nxe5 Bd6 42. Ng4 Nxg4 43. Kxg4 Rc6 44. e5 Be7 45. e6 c4 46. Kf5 d3 47. bxc4
dxc2 48. Re4 Rc5+ 49. Re5 Rxc4 50. Rb5 Rc8 51. Rc1 Bd6 52. Rd5 Rc6 53. Rxd6 1-0

[Event "SC Heideck/Hilpoltstein 1-SG Muehlhof-R"]
[Site "?"]
[Date "2014.09.28"]
[Round "1.5"]
[White "Proeschel, Gerhard"]
[Black "Ruderer, Maximilian"]
[Result "1-0"]
[WhiteElo "1825"]
[BlackElo "1728"]
[PlyCount "61"]
[EventDate "2014.??.??"]
[WhiteTeam "SG Mühlhof-R'dorf/Schw. 1"]
[BlackTeam "SC Heideck/Hilpoltstein 1"]

1. d4 d5 2. c4 e6 3. Nf3 Be7 4. Nc3 Nf6 5. Bf4 O-O 6. e3 a6 7. Rc1 dxc4 8. Bxc4
b5 9. Bd3 Bb7 10. a3 Nh5 11. Bg3 Nxg3 12. hxg3 g6 13. e4 c5 14. Qd2 f6 15. Ne2
g5 16. dxc5 Nc6 17. b4 e5 18. Qa2+ Kg7 19. Rd1 Qc8 20. Nc3 a5 21. Qb2 axb4 22.
axb4 Ba6 23. Nd5 Re8 24. Nb6 Qe6 25. Nxa8 Rxa8 26. O-O g4 27. Nh4 Nd4 28. Nf5+
Nxf5 29. exf5 Qc6 30. Qe2 h5 31. Be4 1-0

[Event "SC Heideck/Hilpoltstein 1-SG Muehlhof-R"]
[Site "?"]
[Date "2014.09.28"]
[Round "1.6"]
[White "Oberhofer, Marc"]
[Black "Hetzner, Helmut"]
[Result "1-0"]
[WhiteElo "1731"]
[BlackElo "1859"]
[PlyCount "55"]
[EventDate "2014.??.??"]
[WhiteTeam "SC Heideck/Hilpoltstein 1"]
[BlackTeam "SG Mühlhof-R'dorf/Schw. 1"]

1. e4 c6 2. d4 d5 3. exd5 cxd5 4. Nf3 Nc6 5. Bf4 Bg4 6. Be2 Nf6 7. Nc3 e6 8.
Ne5 Bxe2 9. Nxe2 Be7 10. O-O O-O 11. c3 Rc8 12. Ng3 b5 13. a3 a5 14. Nxc6 Rxc6
15. Qd3 Qb6 16. b4 Rfc8 17. Bd2 axb4 18. axb4 Bd6 19. f4 Rb8 20. Ra5 h5 21. h4
g6 22. Qf3 Qd8 23. f5 Bxg3 24. fxg6 Bxh4 25. gxf7+ Kg7 26. Qf4 Ng4 27. Ra7 Qf6
28. f8=Q+ 1-0

[Event "SC Heideck/Hilpoltstein 1-SG Muehlhof-R"]
[Site "?"]
[Date "2014.09.28"]
[Round "1.7"]
[White "Wirth, Karl-Heinz"]
[Black "Stritzelberger, Martin"]
[Result "1-0"]
[WhiteElo "1758"]
[BlackElo "1603"]
[PlyCount "49"]
[EventDate "2014.??.??"]
[WhiteTeam "SG Mühlhof-R'dorf/Schw. 1"]
[BlackTeam "SC Heideck/Hilpoltstein 1"]

1. e4 e6 2. d4 d5 3. Nc3 Bb4 4. Nge2 dxe4 5. a3 Bxc3+ 6. Nxc3 Nf6 7. Bg5 h6 8.
Bxf6 Qxf6 9. Nxe4 Qg6 10. Ng3 Bd7 11. Bd3 Qf6 12. c3 Bc6 13. O-O O-O 14. Qc2
Nd7 15. f4 Nb6 16. Rae1 Nd5 17. f5 exf5 18. Nxf5 Qg5 19. Be4 Rae8 20. h4 Qd8
21. Qf2 Bb5 22. Qg3 g6 23. Nxh6+ Kg7 24. Rxf7+ Rxf7 25. Qxg6+ 1-0

[Event "SC Heideck/Hilpoltstein 1-SG Muehlhof-R"]
[Site "?"]
[Date "2014.09.28"]
[Round "1.8"]
[White "Dorner, Hans"]
[Black "Niklaus, Guenter"]
[Result "1/2-1/2"]
[WhiteElo "1652"]
[BlackElo "1883"]
[PlyCount "54"]
[EventDate "2014.??.??"]
[WhiteTeam "SC Heideck/Hilpoltstein 1"]
[BlackTeam "SG Mühlhof-R'dorf/Schw. 1"]

1. e4 e6 2. d4 d5 3. Nc3 Bb4 4. e5 c5 5. Bd2 Bd7 6. Nb5 Bxb5 7. Bxb5+ Nc6 8.
Bxb4 cxb4 9. Qg4 Kf8 10. Bxc6 bxc6 11. Ne2 Nh6 12. Qf3 g6 13. O-O Kg7 14. Rac1
Rb8 15. b3 Qe7 16. c3 Rhc8 17. cxb4 Rxb4 18. Rc5 Nf5 19. Rfc1 Nxd4 20. Nxd4
Rxd4 21. Rxc6 Rxc6 22. Rxc6 Qb4 23. Qf6+ Kh6 24. g3 Qe1+ 25. Kg2 Qe4+ 26. Kh3
Qe2 27. Kg2 Qe4+ 1/2-1/2

[Event "SK Neumarkt 1-SC 48/88 Erlangen 3"]
[Site "?"]
[Date "2014.09.28"]
[Round "1.1"]
[White "Gloth, Gerrit"]
[Black "Beesk, Kevin"]
[Result "0-1"]
[WhiteElo "1870"]
[BlackElo "1992"]
[PlyCount "58"]
[EventDate "2014.??.??"]
[WhiteTeam "SC 48/88 Erlangen 3"]
[BlackTeam "SK Neumarkt 1"]

1. e4 c5 2. Nc3 e6 3. g3 Nc6 4. Bg2 g6 5. d3 Bg7 6. Be3 d6 7. Qd2 Rb8 8. Nge2
b5 9. O-O Nd4 10. Nc1 Qb6 11. Nd1 b4 12. c3 Nc6 13. Ne2 bxc3 14. bxc3 Ne5 15.
f4 Ng4 16. Rc1 Ne7 17. h3 Nxe3 18. Nxe3 O-O 19. g4 f5 20. Ng3 Bd7 21. Kh2 Kh8
22. gxf5 exf5 23. exf5 Nxf5 24. Nexf5 Bxf5 25. Nxf5 Rxf5 26. Be4 Rf6 27. Qg2
Bh6 28. Rb1 Qxb1 29. Rxb1 Bxf4+ 0-1

[Event "SK Neumarkt 1-SC 48/88 Erlangen 3"]
[Site "?"]
[Date "2014.09.28"]
[Round "1.2"]
[White "Gallardo Estrella, Alvaro"]
[Black "Weiss, Markus"]
[Result "1/2-1/2"]
[WhiteElo "2055"]
[BlackElo "1844"]
[PlyCount "101"]
[EventDate "2014.??.??"]
[WhiteTeam "SK Neumarkt 1"]
[BlackTeam "SC 48/88 Erlangen 3"]

1. d4 Nf6 2. c4 g6 3. Nc3 Bg7 4. e4 d6 5. f4 e5 6. fxe5 dxe5 7. d5 O-O 8. Be2
c6 9. Be3 Nbd7 10. h3 Qa5 11. Qc2 Qc7 12. Nf3 Nh5 13. O-O Nf4 14. b4 a5 15. b5
c5 16. Rad1 Qd6 17. Rd2 b6 18. Bd1 f6 19. Rdf2 g5 20. Kh2 Kh8 21. Ng1 Rd8 22.
Qd2 Nf8 23. g3 N4g6 24. Bh5 Bd7 25. Nd1 Be8 26. Nf3 h6 27. h4 Nh7 28. hxg5 fxg5
29. Bxg5 hxg5 30. Nxg5 Nxg5 31. Qxg5 Nf8 32. Rf6 Nh7 33. Rxd6 Nxg5 34. Rxd8
Rxd8 35. Bxe8 Rxe8 36. Nc3 Rf8 37. Rxf8+ Bxf8 38. Na4 Nf3+ 39. Kg2 Nd2 40. Nxb6
Nxe4 41. Nc8 Nd6 42. b6 Kg7 43. Kf3 Kf6 44. Na7 Kf5 45. g4+ Kg5 46. Nc6 e4+ 47.
Ke3 Nxc4+ 48. Kxe4 Nxb6 49. Nxa5 Kxg4 50. Ke5 c4 51. Kd4 1/2-1/2

[Event "SK Neumarkt 1-SC 48/88 Erlangen 3"]
[Site "?"]
[Date "2014.09.28"]
[Round "1.3"]
[White "Albrecht, Thorsten"]
[Black "Simon, Martin"]
[Result "1/2-1/2"]
[WhiteElo "1827"]
[BlackElo "1926"]
[PlyCount "50"]
[EventDate "2014.??.??"]
[WhiteTeam "SC 48/88 Erlangen 3"]
[BlackTeam "SK Neumarkt 1"]

1. d4 d5 2. c4 e6 3. Nc3 Nf6 4. Nf3 Be7 5. Bf4 a6 6. cxd5 exd5 7. h3 O-O 8. e3
Nh5 9. Bh2 f5 10. Bd3 c6 11. O-O Nd7 12. Ne5 Nxe5 13. Bxe5 g6 14. Qc2 Bd6 15.
Bxd6 Qxd6 16. Be2 Nf6 17. Na4 Ne4 18. Nc5 Rf7 19. Rac1 Qf6 20. Nd3 Be6 21. Ne5
Rc7 22. Bd3 Rac8 23. Bxe4 dxe4 24. b4 Bd5 25. a3 f4 1/2-1/2

[Event "SK Neumarkt 1-SC 48/88 Erlangen 3"]
[Site "?"]
[Date "2014.09.28"]
[Round "1.4"]
[White "Bothe, Matthias"]
[Black "Huettl, Walter"]
[Result "1-0"]
[WhiteElo "1823"]
[BlackElo "1809"]
[PlyCount "83"]
[EventDate "2014.??.??"]
[WhiteTeam "SK Neumarkt 1"]
[BlackTeam "SC 48/88 Erlangen 3"]

1. c4 e5 2. g3 Nf6 3. Bg2 d5 4. cxd5 Nxd5 5. Nc3 Nb6 6. Nf3 Nc6 7. O-O Be7 8.
a3 Bf5 9. d3 O-O 10. b4 a6 11. Bb2 Qd7 12. Rc1 Be6 13. Ne4 f6 14. Nc5 Bxc5 15.
Rxc5 Ne7 16. Rc1 c6 17. Nd2 Nf5 18. Ne4 Qf7 19. Nc5 Bc8 20. e4 Ne7 21. f4 exf4
22. gxf4 f5 23. Qc2 Nd7 24. Qc3 b6 25. Ne6 Ne5 26. Nxf8 Ng4 27. Qc4 Qxc4 28.
dxc4 Kxf8 29. e5 Ne3 30. Rf3 Nxg2 31. Kxg2 Be6 32. Rd3 b5 33. cxb5 axb5 34. Rd6
Kf7 35. Kg3 Rg8 36. Rg1 Ra8 37. Bc1 Rc8 38. Be3 Ra8 39. Ra1 Ra6 40. Bc5 Ra8 41.
Bb6 Nc8 42. Rxc6 1-0

[Event "SK Neumarkt 1-SC 48/88 Erlangen 3"]
[Site "?"]
[Date "2014.09.28"]
[Round "1.5"]
[White "Weber, Alexander"]
[Black "Kipferl, Wolfgang"]
[Result "1/2-1/2"]
[WhiteElo "1800"]
[BlackElo "1861"]
[PlyCount "92"]
[EventDate "2014.??.??"]
[WhiteTeam "SC 48/88 Erlangen 3"]
[BlackTeam "SK Neumarkt 1"]

1. e4 d6 2. Bc4 g6 3. Nf3 Bg7 4. d3 Nc6 5. Nc3 h6 6. Be3 e5 7. h3 Nge7 8. g4
Na5 9. Bb3 Nxb3 10. axb3 a6 11. Nh2 d5 12. Ne2 h5 13. Ng3 hxg4 14. hxg4 Be6 15.
g5 Qd7 16. Qe2 O-O-O 17. Bc5 Nc6 18. Nhf1 Rxh1 19. Nxh1 dxe4 20. dxe4 Nd4 21.
Bxd4 exd4 22. O-O-O Be5 23. Nhg3 Bf4+ 24. Kb1 Bxg5 25. Rd3 Qb5 26. Nd2 c5 27.
Nc4 Bf4 28. e5 Bxc4 29. bxc4 Qd7 30. Ne4 Bxe5 31. Nxc5 Qc7 32. Nb3 f6 33. Qg4+
Kb8 34. Qxg6 Qxc4 35. f4 Rg8 36. Qf5 Rg2 37. Rd2 Qf1+ 38. Ka2 Rxd2 39. Nxd2
Qxf4 40. Qd3 f5 41. Nc4 Bf6 42. Qa3 Qc7 43. Qf8+ Ka7 44. Nd6 Be5 45. Nc8+ Ka8
46. Nb6+ Ka7 1/2-1/2

[Event "SK Neumarkt 1-SC 48/88 Erlangen 3"]
[Site "?"]
[Date "2014.09.28"]
[Round "1.6"]
[White "Schilay, Lorenz"]
[Black "Karataev, Phillip"]
[Result "1-0"]
[WhiteElo "1732"]
[BlackElo "1696"]
[PlyCount "117"]
[EventDate "2014.??.??"]
[WhiteTeam "SK Neumarkt 1"]
[BlackTeam "SC 48/88 Erlangen 3"]

1. e4 c6 2. Nf3 d6 3. d4 Bg4 4. Bc4 e6 5. Nc3 Nf6 6. Bg5 Be7 7. a3 Nbd7 8. Be2
Qc7 9. b4 O-O 10. h3 Bxf3 11. Bxf3 b5 12. O-O e5 13. Be2 exd4 14. Qxd4 a6 15.
Rad1 Rfd8 16. Bf4 Nf8 17. e5 dxe5 18. Qxe5 Qxe5 19. Bxe5 Ne6 20. Bf3 Rxd1 21.
Rxd1 Rc8 22. Kf1 Kf8 23. Rd3 Ng5 24. Ke2 Nxf3 25. Kxf3 c5 26. Bxf6 Bxf6 27. Nd5
c4 28. Re3 Bd4 29. Re2 Rd8 30. Nc7 Bb2 31. Nxa6 Bxa3 32. Nc7 Bxb4 33. Nxb5 Be7
34. Nc7 Bf6 35. Na6 c3 36. Nb4 g6 37. Nc6 Re8 38. Rxe8+ Kxe8 39. Nb4 Kd7 40.
Ke4 Kd6 41. Kd3 Bh4 42. g3 Bf6 43. Na2 Kc5 44. Nxc3 Bd4 45. f3 f5 46. Ne2 Bf6
47. c3 Be5 48. f4 Bg7 49. Nd4 Bf6 50. Ne6+ Kd5 51. Nf8 Bxc3 52. Kxc3 Ke4 53.
Nxh7 Kf3 54. Kd4 Kxg3 55. Ke5 Kxh3 56. Nf8 g5 57. fxg5 Kg4 58. g6 f4 59. g7 1-0

[Event "SK Neumarkt 1-SC 48/88 Erlangen 3"]
[Site "?"]
[Date "2014.09.28"]
[Round "1.7"]
[White "Tschammer, Kai"]
[Black "Brunner, Wolfgang"]
[Result "0-1"]
[WhiteElo "1513"]
[BlackElo "1900"]
[PlyCount "80"]
[EventDate "2014.??.??"]
[WhiteTeam "SC 48/88 Erlangen 3"]
[BlackTeam "SK Neumarkt 1"]

1. e4 c6 2. d4 d5 3. Nc3 dxe4 4. Nxe4 Nf6 5. Nc5 e5 6. Nb3 Be6 7. dxe5 Qxd1+ 8.
Kxd1 Ng4 9. f4 Nf2+ 10. Ke1 Nxh1 11. Be3 Nd7 12. Nf3 Bxb3 13. axb3 Bc5 14. Bxc5
Nxc5 15. Bd3 Rd8 16. Ke2 O-O 17. Rxh1 Nxd3 18. cxd3 Rd5 19. Ra1 a6 20. Ra4 Rfd8
21. Ne1 h6 22. Rb4 b5 23. Re4 a5 24. Kd2 c5 25. Kc2 Kf8 26. g4 Ke7 27. f5 Rd4
28. h3 Rxe4 29. dxe4 Rd4 30. Nd3 Rxe4 31. Nxc5 Rxe5 32. Nd3 Re3 33. Nf4 Rf3 34.
Nd5+ Kd6 35. Nc3 b4 36. Ne2 Rxh3 37. Nf4 Rh2+ 38. Kc1 Rh4 39. Nh5 Rxg4 40. Kb1
Ke5 0-1

[Event "SK Neumarkt 1-SC 48/88 Erlangen 3"]
[Site "?"]
[Date "2014.09.28"]
[Round "1.8"]
[White "Niebler, Andreas"]
[Black "Wegmann, Simon"]
[Result "1-0"]
[WhiteElo "1801"]
[BlackElo "1607"]
[PlyCount "119"]
[EventDate "2014.??.??"]
[WhiteTeam "SK Neumarkt 1"]
[BlackTeam "SC 48/88 Erlangen 3"]

1. d4 d5 2. c4 e6 3. Nf3 Nf6 4. e3 Be7 5. Nc3 O-O 6. Bd3 b6 7. O-O dxc4 8. Bxc4
Bb7 9. Qe2 c5 10. Rd1 cxd4 11. Nxd4 Qc8 12. Bd2 e5 13. Nf3 Nc6 14. Rac1 Rd8 15.
a3 e4 16. Ng5 Ne5 17. Ncxe4 Nxc4 18. Rxc4 Qf5 19. Qf3 Qxf3 20. gxf3 Nxe4 21.
Nxe4 f5 22. Rc7 Bxe4 23. fxe4 Bd6 24. Rc4 b5 25. Rd4 Be5 26. Rd5 Rxd5 27. exd5
Bxb2 28. Rb1 Bxa3 29. Rxb5 Kf8 30. Bc3 Rd8 31. Rb7 Be7 32. Rxa7 Rxd5 33. Bd4
Bc5 34. Ra5 Rxd4 35. exd4 Bxd4 36. Rxf5+ Ke7 37. Rb5 Kf6 38. Kg2 g5 39. f3 Be3
40. h3 Kg6 41. Kg3 Bf4+ 42. Kf2 Kh5 43. Rb7 h6 44. Rb6 Bd2 45. Kg2 Bf4 46. Rb5
Be3 47. Rb1 Bd2 48. h4 g4 49. Kg3 gxf3 50. Rb5+ Kg6 51. Kxf3 Bc1 52. Kg4 Bd2
53. Rb6+ Kg7 54. Kf5 Bc3 55. Rb7+ Kf8 56. Kg6 Bd2 57. Rd7 Bc1 58. Rd1 Be3 59.
Rf1+ Kg8 60. Re1 1-0

[Event "SV Lauf 1-SK Schwanstetten 1"]
[Site "?"]
[Date "2014.09.28"]
[Round "1.1"]
[White "Manthey, Frank"]
[Black "Hanisch, Friedrich"]
[Result "1/2-1/2"]
[WhiteElo "2045"]
[BlackElo "1987"]
[PlyCount "88"]
[EventDate "2014.??.??"]
[WhiteTeam "SK Schwanstetten 1"]
[BlackTeam "SV Lauf 1"]

1. e4 e6 2. d4 d5 3. Nc3 Nf6 4. Bg5 Be7 5. e5 Nfd7 6. h4 Nc6 7. Nf3 h6 8. Be3
a6 9. Nd2 Ndxe5 10. dxe5 d4 11. Bxd4 Qxd4 12. Nf3 Qxd1+ 13. Rxd1 Bd7 14. Bd3
Bb4 15. O-O O-O-O 16. Ne4 Be7 17. c3 f5 18. exf6 gxf6 19. Rfe1 f5 20. Ng3 Bd6
21. Bc4 e5 22. Nh5 Rdf8 23. Bd5 e4 24. Nd4 Nxd4 25. Rxd4 Rh7 26. Ng3 Rg7 27.
Nf1 Rf6 28. g3 Rfg6 29. Kg2 Rg4 30. Ne3 Rxh4 31. Nc4 Bc5 32. Bxb7+ Kxb7 33.
Rxd7 Rxd7 34. gxh4 Rg7+ 35. Kf1 Rg4 36. b4 Ba7 37. Na5+ Kb6 38. Rd1 Rxh4 39.
Rd5 f4 40. Rf5 f3 41. Kg1 Rg4+ 42. Kf1 Rh4 43. Kg1 Rg4+ 44. Kf1 Rh4 1/2-1/2

[Event "SV Lauf 1-SK Schwanstetten 1"]
[Site "?"]
[Date "2014.09.28"]
[Round "1.2"]
[White "Rausch, Wolfgang jr"]
[Black "Kroneder, Christian"]
[Result "1/2-1/2"]
[WhiteElo "2017"]
[BlackElo "2054"]
[PlyCount "85"]
[EventDate "2014.??.??"]
[WhiteTeam "SV Lauf 1"]
[BlackTeam "SK Schwanstetten 1"]

1. Nf3 Nf6 2. c4 c6 3. d4 d5 4. Qc2 h6 5. Bf4 g6 6. e3 Bg7 7. Nbd2 O-O 8. Bd3
dxc4 9. Nxc4 Nd5 10. Bg3 Nb4 11. Qd2 Nxd3+ 12. Qxd3 Nd7 13. O-O Nc5 14. Qa3 Ne4
15. Rac1 Nxg3 16. hxg3 a5 17. Rc3 b5 18. Nce5 b4 19. Nxc6 bxa3 20. Nxd8 Rxd8
21. Rxa3 Bb7 22. Rc1 Bxf3 23. gxf3 e5 24. dxe5 Bxe5 25. Rc2 a4 26. Rc4 Bxb2 27.
Raxa4 Kg7 28. Rxa8 Rxa8 29. a4 Ra5 30. f4 h5 31. Kg2 Ba3 32. e4 Rc5 33. Rxc5
Bxc5 34. e5 Kf8 35. a5 Ke7 36. a6 Kd7 37. f3 Kc7 38. g4 Bd4 39. Kg3 hxg4 40.
fxg4 g5 41. Kf3 gxf4 42. Kxf4 Kb6 43. Kf5 1/2-1/2

[Event "SV Lauf 1-SK Schwanstetten 1"]
[Site "?"]
[Date "2014.09.28"]
[Round "1.3"]
[White "Cipra, Lothar"]
[Black "Fiedler, Lars"]
[Result "1-0"]
[WhiteElo "1933"]
[BlackElo "2057"]
[PlyCount "76"]
[EventDate "2014.??.??"]
[WhiteTeam "SK Schwanstetten 1"]
[BlackTeam "SV Lauf 1"]

1. d4 Nf6 2. c4 e6 3. g3 Bb4+ 4. Bd2 Qe7 5. Bg2 O-O 6. a3 Bxd2+ 7. Nxd2 d6 8.
e4 e5 9. d5 a5 10. Ne2 Na6 11. O-O Bd7 12. Qc2 a4 13. Nc3 Nc5 14. Rae1 g6 15.
f4 Nh5 16. f5 f6 17. Nd1 g5 18. Nf2 Rfb8 19. Nd3 b6 20. Nb4 Ng7 21. Nf3 b5 22.
Nxg5 fxg5 23. f6 Qf7 24. fxg7 Qxg7 25. Nc6 bxc4 26. Nxb8 Rxb8 27. Re3 g4 28.
Rf2 Nd3 29. Rxd3 cxd3 30. Qxc7 Rc8 31. Qxd6 d2 32. Rxd2 Qg5 33. Rf2 Rd8 34. Qb4
Rc8 35. Bf1 Qd8 36. Qd6 Kg7 37. Qxe5+ Kg6 38. Qf4 Rc1 1-0

[Event "SV Lauf 1-SK Schwanstetten 1"]
[Site "?"]
[Date "2014.09.28"]
[Round "1.4"]
[White "Puschak, Oliver"]
[Black "Arlt, Michael"]
[Result "1/2-1/2"]
[WhiteElo "1938"]
[BlackElo "1884"]
[PlyCount "165"]
[EventDate "2014.??.??"]
[WhiteTeam "SV Lauf 1"]
[BlackTeam "SK Schwanstetten 1"]

1. e4 e5 2. Nf3 Nf6 3. Nxe5 d6 4. Nf3 Nxe4 5. Nc3 Nxc3 6. dxc3 Be7 7. Be3 Nc6
8. Qd2 Ne5 9. Be2 Be6 10. O-O-O O-O 11. Kb1 Nc4 12. Bxc4 Bxc4 13. Bd4 Be6 14.
Qf4 Re8 15. h4 c6 16. Ng5 Qa5 17. Nxe6 fxe6 18. Qg4 Bf8 19. h5 Qf5 20. Qe2 e5
21. Be3 b5 22. g4 Qe6 23. g5 a5 24. Qf3 d5 25. Bc1 b4 26. b3 a4 27. Qh3 Qe7 28.
g6 h6 29. cxb4 axb3 30. Qxb3 Qxb4 31. Qxb4 Bxb4 32. Rd3 Reb8 33. Rb3 c5 34. a3
Bxa3 35. Bxa3 Rxb3+ 36. cxb3 Rxa3 37. Rd1 d4 38. Kb2 Ra8 39. Re1 Re8 40. Rc1
Rc8 41. Re1 Re8 42. Rc1 Rf8 43. Rxc5 Rxf2+ 44. Kc1 Rf1+ 45. Kd2 e4 46. Re5 e3+
47. Ke2 Rf2+ 48. Ke1 Kf8 49. Re4 Rf5 50. Rxd4 Rxh5 51. Re4 Rc5 52. Re6 h5 53.
b4 Rb5 54. Rxe3 Rxb4 55. Rf3+ Ke8 56. Rf7 Re4+ 57. Kf2 Re7 58. Rf5 Re6 59. Rg5
Ke7 60. Kg3 Kf6 61. Kh4 Re1 62. Rxh5 Re4+ 63. Kg3 Kxg6 64. Ra5 Kh6 65. Ra3 Kh5
66. Kg2 Kg4 67. Rb3 g5 68. Ra3 Kh4 69. Rh3+ Kg4 70. Ra3 Re2+ 71. Kg1 Kf4 72.
Rb3 Re3 73. Rxe3 Kxe3 74. Kg2 Kf4 75. Kf2 g4 76. Kg2 g3 77. Kg1 Kf5 78. Kg2 Kg4
79. Kg1 Kf3 80. Kf1 Kg4 81. Kg2 Kf4 82. Kg1 Kf3 83. Kf1 1/2-1/2

[Event "SV Lauf 1-SK Schwanstetten 1"]
[Site "?"]
[Date "2014.09.28"]
[Round "1.6"]
[White "Scherb, Ansgar"]
[Black "Leonhardt, Frank"]
[Result "0-1"]
[WhiteElo "1793"]
[BlackElo "1880"]
[PlyCount "179"]
[EventDate "2014.??.??"]
[WhiteTeam "SV Lauf 1"]
[BlackTeam "SK Schwanstetten 1"]

1. e4 c5 2. Nf3 d6 3. c3 Nf6 4. Qc2 g6 5. d4 cxd4 6. cxd4 Bg7 7. Nc3 O-O 8. Be2
Nc6 9. d5 Nb4 10. Qb3 a5 11. a3 Na6 12. Be3 Nd7 13. Na4 Nac5 14. Nxc5 Nxc5 15.
Bxc5 dxc5 16. a4 Bg4 17. O-O Bxf3 18. Qxf3 b6 19. Qb3 Qd6 20. f4 Bd4+ 21. Kh1
Rab8 22. Bc4 Qf6 23. e5 Qf5 24. Rae1 Kg7 25. e6 f6 26. h3 Qh5 27. d6 f5 28. Bb5
Qh4 29. Re2 h5 30. Qf3 Qf6 31. b3 Rfd8 32. d7 Rh8 33. Qd5 Qf8 34. Ba6 Qd8 35.
Qc6 h4 36. Rf3 Ra8 37. Bc8 Ra7 38. g4 Qc7 39. Qd5 fxg4 40. hxg4 Qd8 41. g5 Rc7
42. Ba6 Ra7 43. Bd3 Qa8 44. Qxa8 Raxa8 45. f5 gxf5 46. Rxf5 Rhf8 47. Rd5 Rad8
48. Re4 Bf2 49. Rd6 exd6 50. e7 Rxd7 51. exf8=Q+ Kxf8 52. Rf4+ Rf7 53. Rxf7+
Kxf7 54. Bc4+ Kg6 55. Kg2 Bg3 56. Kf3 Kxg5 57. Bd5 Kf5 58. Ke3 h3 59. Bc6 Ke5
60. Bh1 Bf4+ 61. Kd3 h2 62. Kc4 Bc1 63. Bc6 Bb2 64. Bh1 Bd4 65. Bc6 Kf4 66. Kd3
Kg3 67. Ke2 Bf6 68. Bd5 Kf4 69. Kd3 Ke5 70. Kc4 Bg7 71. Bh1 Ke6 72. Bd5+ Kf5
73. Kd3 Kf4 74. Bh1 Bd4 75. Bd5 Kg3 76. Ke2 Bg1 77. Bh1 Bd4 78. Bd5 Bf6 79. Bh1
Bd8 80. Bd5 Bc7 81. Bh1 Bb8 82. Bd5 Ba7 83. Bh1 b5 84. axb5 c4 85. bxc4 a4 86.
Kd3 Bc5 87. Kc3 a3 88. Kb3 Kf2 89. b6 Bxb6 90. Kxa3 0-1

[Event "SV Lauf 1-SK Schwanstetten 1"]
[Site "?"]
[Date "2014.09.28"]
[Round "1.7"]
[White "Arlt, Birgit"]
[Black "Zach, Andreas"]
[Result "1/2-1/2"]
[WhiteElo "1585"]
[BlackElo "1820"]
[PlyCount "39"]
[EventDate "2014.??.??"]
[WhiteTeam "SK Schwanstetten 1"]
[BlackTeam "SV Lauf 1"]

1. e4 d5 2. exd5 Qxd5 3. d4 Nf6 4. Nc3 Qd6 5. Nf3 Bg4 6. Be2 c6 7. Ne5 Bxe2 8.
Nxe2 Nbd7 9. Nxd7 Qxd7 10. O-O e6 11. Bf4 Bd6 12. Bxd6 Qxd6 13. Ng3 Rd8 14. c3
O-O 15. Qf3 Qd5 16. Qxd5 exd5 17. Rfe1 Rfe8 18. f3 g6 19. Kf1 Kf8 20. Rad1
1/2-1/2

[Event "SV Lauf 1-SK Schwanstetten 1"]
[Site "?"]
[Date "2014.09.28"]
[Round "1.8"]
[White "Weissmueller, Klaus"]
[Black "Pohl, Steffen"]
[Result "1/2-1/2"]
[WhiteElo "1571"]
[BlackElo "1823"]
[PlyCount "41"]
[EventDate "2014.??.??"]
[WhiteTeam "SV Lauf 1"]
[BlackTeam "SK Schwanstetten 1"]

1. e4 Nc6 2. d4 d5 3. exd5 Qxd5 4. c3 e5 5. Nf3 Bg4 6. Be2 O-O-O 7. c4 Qe4 8.
Nc3 Bb4 9. O-O Bxc3 10. bxc3 exd4 11. Bd3 Qe7 12. Bb2 Qf6 13. cxd4 Nxd4 14.
Bxd4 Rxd4 15. Bf5+ Kb8 16. Qxd4 Bxf5 17. Rfe1 Be6 18. Rad1 Nh6 19. Qxf6 gxf6
20. Rc1 Nf5 21. Nd2 1/2-1/2

[Event "SG Bubenr./Moehrendf. 1-SG Kirchehren./"]
[Site "?"]
[Date "2014.09.28"]
[Round "1.1"]
[White "Kuhmann, Peter"]
[Black "Handl, Johannes"]
[Result "1/2-1/2"]
[WhiteElo "1843"]
[BlackElo "1882"]
[PlyCount "33"]
[EventDate "2014.??.??"]
[WhiteTeam "SG Kirchehren./Eberm. 1"]
[BlackTeam "SG Bubenr./Möhrendf. 1"]

1. Nc3 d5 2. e4 dxe4 3. Nxe4 Nd7 4. d4 Ngf6 5. Ng3 e6 6. Bd3 c5 7. Nf3 Be7 8.
O-O O-O 9. b3 b6 10. Bb2 Bb7 11. c4 Re8 12. Ne5 cxd4 13. Bxd4 Nxe5 14. Bxe5 Nd7
15. Bb2 Bf6 16. Qc2 Bxb2 17. Qxb2 1/2-1/2

[Event "SG Bubenr./Moehrendf. 1-SG Kirchehren./"]
[Site "?"]
[Date "2014.09.28"]
[Round "1.2"]
[White "Kramer, Manuel"]
[Black "Pokorny, Klaus"]
[Result "1-0"]
[WhiteElo "1861"]
[BlackElo "1736"]
[PlyCount "81"]
[EventDate "2014.??.??"]
[WhiteTeam "SG Bubenr./Möhrendf. 1"]
[BlackTeam "SG Kirchehren./Eberm. 1"]

1. d4 Nf6 2. Nf3 d5 3. c4 e6 4. Nc3 Be7 5. e3 O-O 6. Bd3 dxc4 7. Bxc4 b6 8. O-O
Bb7 9. a3 Nbd7 10. Qe2 c5 11. Rd1 Qc7 12. Nb5 Qc6 13. Bd2 a6 14. Nc3 cxd4 15.
exd4 Bd6 16. Rac1 e5 17. d5 Qc7 18. Bd3 Qb8 19. Ng5 h6 20. Nge4 Bc7 21. Qf3
Nxd5 22. Bxh6 gxh6 23. Nxd5 Bxd5 24. Qg4+ Kh8 25. Qxd7 Bb3 26. Rd2 Bd8 27. Rc3
Be6 28. Qa4 f5 29. Ng3 b5 30. Qd1 Bg5 31. Re2 e4 32. Bb1 Bc4 33. Re1 Rd8 34.
Qh5 Qb6 35. Nxf5 Rd2 36. Ne3 Rf8 37. h4 Bxe3 38. Rcxe3 Rfxf2 39. Qe8+ Bg8 40.
Bxe4 Rfe2 41. Qe5+ 1-0